000
00200 a2200097 4500
001
3016
100
_a
Perzada, S.S.
245
_a
Foundation of Pakistan
260
_a
_b
N P A
_c
090
_c
2301
_d
2301
942
_a
NUST-CAE
_c
M
_c
14459
999
_c
238089
_d
238089